Statystyki dla Ligi Europejskie w piłce nożnej na mapie

Kliknij tutaj aby rozwiązać quiz!

Ogólne statystyki

  • Ten quiz został rozwiązany 54 razy
  • Średni wynik to 10 z 43

Odpowiedzi na mapie

Odpowiedzi skodowane kolorowo w zielono-czerwonej skali na mapie do tego quizu, zgodnie z poniższymi procentami.
 

Statystyki odpowiedzi

Odpowiedź% Poprawnych
LaLiga
83%
Ligue 1
81%
Ekstraklasa
67%
Eredivisie
67%
Liga Portugal/Liga NOS/Primeira Liga
67%
Premier League (9,99 mld €)
61%
Serie A
58%
Bundesliga (4,22 mld €)
56%
Jupiler Pro League
47%
Allsvenskan
42%
Bundesliga (399,35 mln €)
42%
Eliteserien
36%
Prva Makedonska Fudbalska Liga
28%
Nemzeti Bajnokság
22%
Super liga Srbije
22%
Camp. Sammarinese
17%
Fortuna Liga (231,80 mln €)
17%
Fortuna Liga (77,82 mln €)
17%
Primera Divisió
14%
Superligaen
14%
Wyszejszaja liha
14%
A Lyga
8%
Premier League (40,62 mln €)
8%
Premier Liga
8%
Premier Liha
8%
Super Liga (32,13 mln €)
8%
Albi Mall Superliga
6%
Besta deild
6%
BGL Ligue
6%
FL-Cup
6%
Premium Liiga
6%
SuperLiga (214,99 mln €)
6%
Veikkausliiga
6%
Premier Division
3%
Premijer Liga
3%
Prva Liga
3%
Super League 1
3%
SuperSport HNL
3%
Virsliga
3%
Abissnet Superiore
0%
efbet Liga
0%
Meridianbet 1. CFL
0%
Super League
0%

Rozkład punktacji

Percentyl według liczby udzielonych odpowiedzi

Procent ludzi z każdym wynikiem

Twoja historia wyników

Nie rozwiązałeś tego quizu